| 000 | 00495nam a22001457a 4500 | ||
|---|---|---|---|
| 008 | 180803b xxu||||| |||| 00| 0 eng d | ||
| 020 | _a9968834929 | ||
| 082 |
_a861.728.6 _bC512h |
||
| 100 |
_aChaves, Luis _95992 |
||
| 245 | _aHistorias Polaroid | ||
| 260 |
_aSan José, Costa Rica _bEdiciones Perro Azul _c2009 |
||
| 300 |
_a80 p. _c21x13 cm |
||
| 505 |
_ti. Todo lo que no vuela _tii. Documentos falsos _tiii. Travelling |
||
| 650 |
_2Literatura _xLiteratura costarricense _zPoesía - Costa Rica _96561 |
||
| 999 |
_c1567 _d1567 |
||